Sports Quiz

Random Sports or Animation Quiz

60 second blitz: cartoon football Quiz Stats

 Plays Quiz not verified by Sporcle

Score 0/9 Timer 01:00
0 Plays Today
Player Name % Correct
Thierry Henry
94.9%
Didier Drogba
88.2%
Frank Lampard
82%
Samuel Eto'o
70.2%
Javier Mascherano
60.7%
Gerard Piqué
59.6%
Tomáš Rosický
48.9%
Cesc Fabregas
47.8%
Xabier Alonso
46.6%

You're not logged in!

Compare scores with friends on all Sporcle quizzes.
OR
Log In

Show Comments

Extras

Top Quizzes Today


Score Distribution

Your Account Isn't Verified!

In order to create a playlist on Sporcle, you need to verify the email address you used during registration. Go to your Sporcle Settings to finish the process.

Report this User

Report this user for behavior that violates our Community Guidelines.

Details: